[Event "5u Open Internaziunale di Purtichju"]
[Site "?"]
[Date "2018.07.02"]
[Round "4.5"]
[White "Cornette, Matthieu"]
[Black "Sonis, Francesco"]
[Result "1-0"]
[WhiteElo "2597"]
[BlackElo "2448"]
[PlyCount "99"]
[EventDate "2018.??.??"]

1. e4 e6 2. d4 d5 3. Nd2 Be7 4. e5 c5 5. c3 Nc6 6. Bd3 cxd4 7. cxd4 Bd7 8. Ne2
Nb4 9. Bb1 Bb5 10. O-O Qb6 11. Nf3 Qa6 12. Re1 Nd3 13. Bxd3 Bxd3 14. Nc3 Bb4
15. Re3 Bg6 16. a4 Rc8 17. Bd2 Ne7 18. Nb5 Bxd2 19. Nd6+ Kd7 20. Nxd2 Nf5 21.
Nxf5 Bxf5 22. a5 Qb5 23. Nb3 b6 24. axb6 axb6 25. Ra7+ Rc7 26. Rxc7+ Kxc7 27.
Rc3+ Kb8 28. Nc5 Qxb2 29. Rb3 Bc2 30. Rxb2 Bxd1 31. Rxb6+ Ka8 32. f3 Bc2 33.
Kf2 Rc8 34. Ke3 Rc7 35. h4 h5 36. Kf4 Ra7 37. Rc6 Kb8 38. Nxe6 fxe6 39. Rxc2
Ra4 40. Rd2 Kc7 41. Kg5 Kc6 42. Kxh5 Kb5 43. Kg6 Kc4 44. Kxg7 Ra1 45. Kf6 Kc3
46. Rf2 Ra6 47. h5 Kxd4 48. h6 Ke3 49. h7 Ra8 50. Ra2 1-0

[Event "5u Open Internaziunale di Purtichju"]
[Site "?"]
[Date "2018.07.02"]
[Round "4.7"]
[White "Tomazini, Zan"]
[Black "Nihal Sarin"]
[Result "1-0"]
[WhiteElo "2408"]
[BlackElo "2551"]
[PlyCount "111"]
[EventDate "2018.??.??"]

1. e4 c5 2. Nf3 d6 3. Bb5+ Nd7 4. O-O Ngf6 5. Re1 a6 6. Bf1 b6 7. c3 Bb7 8. d3
g6 9. Nbd2 Bg7 10. d4 O-O 11. a4 e5 12. dxe5 Nxe5 13. Nxe5 dxe5 14. Qb3 Rb8 15.
f3 Qc7 16. Nc4 Bc6 17. a5 b5 18. Nb6 c4 19. Qc2 Rfd8 20. Be3 Bf8 21. b3 cxb3
22. Qxb3 Nd7 23. c4 b4 24. Red1 Ba8 25. Kh1 Nc5 26. Qxb4 Ne6 27. Qc3 Bc5 28.
Bxc5 Nxc5 29. Rac1 f6 30. Qe3 Kg7 31. Rd5 Ne6 32. c5 Bc6 33. Bxa6 Qa7 34. Rxd8
Nxd8 35. Qd3 Nf7 36. Bb5 Rd8 37. Qb3 Qc7 38. Bc4 Nh6 39. Bd5 f5 40. h3 fxe4 41.
fxe4 Ng8 42. Bxc6 Qxc6 43. Nd5 Nf6 44. Qb6 Rc8 45. Ne7 Qxe4 46. Nxc8 Qf4 47.
Qb7+ Kh6 48. Qb2 Ne4 49. Re1 Nf2+ 50. Kg1 Nd3 51. Qe2 Nxe1 52. Qxe1 Qd4+ 53.
Qf2 Qa1+ 54. Kh2 Qxa5 55. Nd6 Qc7 56. Qh4+ 1-0

[Event "5u Open Internaziunale di Purtichju"]
[Site "?"]
[Date "2018.07.02"]
[Round "4.8"]
[White "Yankelevich, Lev"]
[Black "Maze, Sebastien"]
[Result "1/2-1/2"]
[WhiteElo "2411"]
[BlackElo "2622"]
[PlyCount "111"]
[EventDate "2018.??.??"]

1. d4 Nf6 2. c4 g6 3. Nf3 Bg7 4. g3 b6 5. Bg2 Bb7 6. O-O O-O 7. d5 Na6 8. Nc3
Nc5 9. Re1 Nfe4 10. Nxe4 Nxe4 11. Qc2 f5 12. Nd2 Nc5 13. e4 c6 14. Rb1 a5 15.
exf5 Rxf5 16. dxc6 Bxc6 17. Bxc6 dxc6 18. Ne4 Bd4 19. Be3 e5 20. Rbd1 Ne6 21.
h4 Ra7 22. Qa4 Rc7 23. a3 c5 24. Qb5 Qa8 25. Qxb6 Rc6 26. Qb3 a4 27. Qd3 Rb6
28. Re2 Rb3 29. Nc3 Rf3 30. Qe4 Qxe4 31. Nxe4 Bxe3 32. fxe3 Rfxe3 33. Rde1 Rxe2
34. Rxe2 Nd4 35. Rf2 Re3 36. Nf6+ Kg7 37. Ne8+ Kh6 38. Kg2 Nf5 39. Rf3 e4 40.
Rxe3 Nxe3+ 41. Kf2 Nxc4 42. Nf6 e3+ 43. Ke2 g5 44. hxg5+ Kxg5 45. Nxh7+ Kf5 46.
g4+ Ke4 47. Ng5+ Kd5 48. Nf3 Nxb2 49. g5 Nc4 50. g6 Ke6 51. g7 Kf7 52. Ng5+
Kxg7 53. Ne6+ Kf6 54. Nxc5 Nxa3 55. Nxa4 Ke5 56. Kxe3 1/2-1/2

[Event "5u Open Internaziunale di Purtichju"]
[Site "?"]
[Date "2018.07.03"]
[Round "5.1"]
[White "Donchenko, Alexander"]
[Black "Tregubov, Pavel V."]
[Result "1-0"]
[WhiteElo "2581"]
[BlackElo "2581"]
[PlyCount "67"]
[EventDate "2018.??.??"]

1. d4 Nf6 2. c4 e6 3. g3 c5 4. d5 exd5 5. cxd5 d6 6. Nc3 g6 7. Bg2 Bg7 8. Nf3
O-O 9. O-O Re8 10. a4 h6 11. Nd2 Nbd7 12. h3 b6 13. Ra3 a6 14. f4 Rb8 15. Nc4
Qc7 16. Rb3 Nh5 17. Kh2 f5 18. e4 Bxc3 19. Rxc3 b5 20. exf5 bxc4 21. fxg6 Ng7
22. f5 Qd8 23. Rxc4 Qf6 24. g4 a5 25. Qd2 Ba6 26. Qxh6 Re2 27. g5 Qe5+ 28. Kh1
Rxg2 29. Qh7+ Kf8 30. Qh8+ Ke7 31. f6+ Nxf6 32. gxf6+ Qxf6 33. Re4+ Kd7 34.
Rxf6 1-0

[Event "5u Open Internaziunale di Purtichju"]
[Site "?"]
[Date "2018.07.03"]
[Round "5.2"]
[White "Nevednichy, Vladislav"]
[Black "Krasenkow, Michal"]
[Result "1/2-1/2"]
[WhiteElo "2525"]
[BlackElo "2631"]
[PlyCount "95"]
[EventDate "2018.??.??"]

1. e4 c5 2. Nf3 Nc6 3. Bb5 e6 4. O-O Nge7 5. d4 cxd4 6. Nxd4 Qb6 7. Nxc6 bxc6
8. Bd3 Ng6 9. Nc3 Be7 10. Na4 Qc7 11. c4 c5 12. f4 Bb7 13. Nc3 O-O 14. Bd2 f5
15. exf5 exf5 16. Qc2 Bf6 17. Nd5 Bxd5 18. cxd5 Qb6 19. Bxf5 Qxb2 20. Rad1 Qxc2
21. Bxc2 Bd4+ 22. Kh1 d6 23. g3 Rab8 24. Bb3 Rfe8 25. Rfe1 Kf8 26. Kg2 Rxe1 27.
Rxe1 Ne7 28. Kf3 Rc8 29. Rc1 Re8 30. g4 Nc8 31. Re1 Rxe1 32. Bxe1 Nb6 33. Ke4
Bg1 34. h4 c4 35. Bc2 Nd7 36. g5 h6 37. Bc3 hxg5 38. hxg5 Kf7 39. Bd1 g6 40. a4
Nc5+ 41. Kf3 Nb3 42. Kg4 Bd4 43. Bxb3 Bxc3 44. Bxc4 Bd2 45. Kf3 Kg7 46. Kg4 Kf7
47. Kf3 Kg7 48. Ke4 1/2-1/2

[Event "5u Open Internaziunale di Purtichju"]
[Site "?"]
[Date "2018.07.03"]
[Round "5.3"]
[White "Tomazini, Zan"]
[Black "Cornette, Matthieu"]
[Result "1-0"]
[WhiteElo "2408"]
[BlackElo "2597"]
[PlyCount "95"]
[EventDate "2018.??.??"]

1. e4 e5 2. Nf3 Nc6 3. Bc4 Nf6 4. d3 h6 5. Bb3 d6 6. c3 g6 7. O-O Bg7 8. Nbd2
O-O 9. Re1 Re8 10. Nf1 a6 11. h3 Na5 12. Bc2 c5 13. Ne3 b5 14. Nh2 Be6 15. Nhg4
Nd7 16. Qf3 h5 17. Nh2 Nf6 18. Qg3 d5 19. Nf3 d4 20. Nf1 Nh7 21. Ng5 Nxg5 22.
Bxg5 Qb6 23. cxd4 cxd4 24. f4 exf4 25. Bxf4 Nc6 26. Bd1 Qd8 27. Nd2 Bf6 28. Nf3
Nb4 29. Ng5 h4 30. Qxh4 Nxd3 31. Qh7+ Kf8 32. Bg4 Nxf4 33. Bxe6 Ra7 34. Bxf7
Bxg5 35. Qg8+ Ke7 36. Bxe8 Qxe8 37. Qg7+ Qf7 38. Qxd4 Rc7 39. Rad1 Ne6 40. Qd6+
Ke8 41. Rf1 Qe7 42. Qxa6 Qc5+ 43. Kh1 Qc6 44. Qa3 Bf4 45. e5 Bxe5 46. Rde1 Qc5
47. b4 Qd4 48. Qe3 1-0

[Event "5u Open Internaziunale di Purtichju"]
[Site "?"]
[Date "2018.07.03"]
[Round "5.5"]
[White "Ris, Robert"]
[Black "Fressinet, Laurent"]
[Result "0-1"]
[WhiteElo "2431"]
[BlackElo "2649"]
[PlyCount "50"]
[EventDate "2018.??.??"]

1. e4 c6 2. d4 d5 3. e5 Bf5 4. h4 h5 5. Bd3 Bxd3 6. Qxd3 e6 7. Bg5 Qb6 8. Nd2
Qa6 9. c4 Ne7 10. b3 Nd7 11. Ne2 f6 12. exf6 gxf6 13. Bf4 O-O-O 14. Qh3 Ng6 15.
Bh2 Bb4 16. Qg3 Nge5 17. dxe5 Nxe5 18. Rd1 dxc4 19. O-O Bxd2 20. Qh3 Ng4 21.
Nf4 Bxf4 22. Bxf4 Rxd1 23. Rxd1 Qxa2 24. f3 Qf2+ 25. Kh1 Qe2 0-1

[Event "5u Open Internaziunale di Purtichju"]
[Site "?"]
[Date "2018.07.03"]
[Round "5.6"]
[White "Zhigalko, Sergei"]
[Black "Bulmaga, Irina"]
[Result "1-0"]
[WhiteElo "2610"]
[BlackElo "2419"]
[PlyCount "129"]
[EventDate "2018.??.??"]

1. e4 e5 2. Nf3 Nc6 3. Bb5 a6 4. Ba4 Nf6 5. O-O b5 6. Bb3 Be7 7. Re1 O-O 8. h3
Bb7 9. d3 d6 10. a3 Na5 11. Ba2 c5 12. Nbd2 Nc6 13. Nf1 Bc8 14. Ng3 Be6 15.
Bxe6 fxe6 16. c3 h6 17. Be3 Qe8 18. a4 Rb8 19. axb5 axb5 20. d4 Qf7 21. dxc5
dxc5 22. Ra6 Rfc8 23. Rxc6 Rxc6 24. Nxe5 Qe8 25. Nxc6 Qxc6 26. e5 Nd5 27. Bc1
c4 28. Qg4 Kh8 29. Nh5 Bf8 30. Be3 b4 31. Bd4 Ne7 32. cxb4 Nf5 33. Bc3 Bxb4 34.
Rd1 Bc5 35. Rd2 Ra8 36. Nf4 Qb6 37. Qf3 Ra1+ 38. Kh2 Nh4 39. Qe2 Ra8 40. Qe4
Rf8 41. Nxe6 Nf3+ 42. gxf3 Qxe6 43. Qd5 Qe7 44. e6 Qh4 45. Be5 Bb4 46. Re2 Rd8
47. Qe4 Qe7 48. Qxc4 Bd6 49. Bxd6 Qxd6+ 50. Kg2 Re8 51. Qe4 Qe7 52. f4 Rb8 53.
Rc2 Rf8 54. b4 Qf6 55. e7 Re8 56. Re2 Qa6 57. Re3 Qb5 58. Kg3 Qf1 59. Re1 Qb5
60. Qg6 Qd7 61. Qf7 Kh7 62. Qe6 Qd3+ 63. Kg2 Qb5 64. Re4 Qb7 65. f5 1-0

[Event "5u Open Internaziunale di Purtichju"]
[Site "?"]
[Date "2018.07.03"]
[Round "5.7"]
[White "Baryshpolets, Andrey"]
[Black "Song, Julien"]
[Result "1-0"]
[WhiteElo "2603"]
[BlackElo "2308"]
[PlyCount "77"]
[EventDate "2018.??.??"]

1. d4 Nf6 2. c4 e6 3. Nc3 Bb4 4. g3 O-O 5. Bg2 d5 6. a3 Bxc3+ 7. bxc3 dxc4 8.
Qa4 Bd7 9. Qxc4 Bc6 10. f3 Nfd7 11. Qd3 Nb6 12. c4 Qf6 13. e4 Rd8 14. Ne2 Na6
15. Be3 Ba4 16. Rc1 c5 17. d5 Qb2 18. Kf2 Qf6 19. Qb1 Rab8 20. Rhe1 e5 21. Kg1
Qe7 22. f4 f6 23. Nc3 Bd7 24. Nb5 Nc8 25. Red1 b6 26. fxe5 Qxe5 27. Bf4 Qh5 28.
Bxb8 Bxb5 29. Bf4 Ba4 30. Re1 g5 31. Bd2 Re8 32. Qb2 Qg6 33. Rf1 Rf8 34. Bc3
Nd6 35. Rxf6 Rxf6 36. Bxf6 Nxe4 37. Be5 Bd7 38. Qc2 Bf5 39. g4 1-0

[Event "5u Open Internaziunale di Purtichju"]
[Site "?"]
[Date "2018.07.03"]
[Round "5.8"]
[White "Deac, Bogdan-Daniel"]
[Black "Brethes, Francois"]
[Result "1-0"]
[WhiteElo "2582"]
[BlackElo "2254"]
[PlyCount "63"]
[EventDate "2018.??.??"]

1. c4 e5 2. Nc3 Nc6 3. Nf3 Bc5 4. a3 Nf6 5. e3 d5 6. cxd5 Nxd5 7. Qc2 Nxc3 8.
dxc3 a5 9. Bd3 Be6 10. O-O Bd5 11. Nd2 h6 12. b3 O-O 13. Bb2 Qh4 14. c4 Be6 15.
Be4 Qh5 16. Nf3 Bg4 17. Bxc6 bxc6 18. Nxe5 Be6 19. Nxc6 Ra6 20. Ne5 f6 21. Nd3
Bd6 22. f4 Bf5 23. c5 Rc6 24. b4 Kh8 25. Qd1 Qg6 26. Nf2 Be7 27. e4 Bc8 28. f5
Qe8 29. Qb3 Bb7 30. Nd3 Qh5 31. Nf4 Qg4 32. h3 1-0

[Event "5u Open Internaziunale di Purtichju"]
[Site "?"]
[Date "2018.07.04"]
[Round "6.1"]
[White "Krasenkow, Michal"]
[Black "Donchenko, Alexander"]
[Result "1/2-1/2"]
[WhiteElo "2631"]
[BlackElo "2581"]
[PlyCount "136"]
[EventDate "2018.??.??"]

1. d4 Nf6 2. c4 e6 3. Nf3 b6 4. a3 Bb7 5. Nc3 d5 6. cxd5 Nxd5 7. Qc2 Nxc3 8.
bxc3 Be7 9. e4 O-O 10. c4 e5 11. dxe5 Na6 12. Be3 Bc5 13. Bf4 f5 14. Rd1 Bxe4
15. Qa4 Qc8 16. Be2 Be7 17. Be3 f4 18. Bd4 Nc5 19. Bxc5 Bxc5 20. O-O Qe8 21.
Qb3 Qe7 22. Nd2 Bf5 23. Bf3 Rad8 24. Bd5+ Kh8 25. Nf3 Bg4 26. a4 Bxf3 27. Qxf3
Qxe5 28. Rde1 Qf5 29. Re2 Rde8 30. Rfe1 Qd7 31. Rxe8 Rxe8 32. Rxe8+ Qxe8 33.
Qd1 Bd4 34. g3 Bc5 35. Kg2 fxg3 36. hxg3 Bd6 37. Qf3 Qe7 38. Qf7 Qxf7 39. Bxf7
g6 40. f4 Kg7 41. Bd5 Kf6 42. Kf3 Bb4 43. Ke2 Ke7 44. Bg8 h6 45. Bd5 Kd6 46.
Bf7 g5 47. fxg5 hxg5 48. g4 Kc5 49. Kd3 Be1 50. Be8 Kb4 51. Bb5 Bf2 52. Kc2 Bc5
53. Kd3 Kb3 54. Kd2 Kb4 55. Kd3 Bf2 56. Kc2 Bd4 57. Kd3 Bf6 58. Kc2 Be5 59. Kd3
Kc5 60. Bd7 a6 61. Bc8 b5 62. cxb5 a5 63. Bd7 Kb4 64. b6 cxb6 65. Kc2 Bd6 66.
Bb5 Be5 67. Bd7 Bd6 68. Bb5 Be5 1/2-1/2

[Event "5u Open Internaziunale di Purtichju"]
[Site "?"]
[Date "2018.07.04"]
[Round "6.2"]
[White "Zhigalko, Sergei"]
[Black "Tomazini, Zan"]
[Result "1-0"]
[WhiteElo "2610"]
[BlackElo "2408"]
[PlyCount "83"]
[EventDate "2018.??.??"]

1. e4 e5 2. Nf3 Nc6 3. Bb5 a6 4. Ba4 g6 5. O-O b5 6. Bb3 Bg7 7. c3 Nge7 8. d4
exd4 9. cxd4 Na5 10. Nc3 d6 11. Bg5 h6 12. Be3 Nxb3 13. Qxb3 Bg4 14. Ne1 O-O
15. h3 Bd7 16. Rd1 a5 17. Nf3 b4 18. Ne2 Bb5 19. Rfe1 d5 20. e5 Qd7 21. Qc2 Ra6
22. Qd2 Nf5 23. Nf4 Kh7 24. Rc1 Rc6 25. Rxc6 Qxc6 26. Rc1 Qd7 27. Nd3 c6 28.
Nc5 Qe7 29. Bf4 Re8 30. g4 Nh4 31. Nxh4 Qxh4 32. Kg2 Qe7 33. h4 Bf8 34. h5 g5
35. Bg3 Qa7 36. f4 Bxc5 37. Rxc5 gxf4 38. Qxf4 Rg8 39. Qf5+ Kh8 40. Bh4 Re8 41.
Bf6+ Kg8 42. g5 1-0

[Event "5u Open Internaziunale di Purtichju"]
[Site "?"]
[Date "2018.07.04"]
[Round "6.3"]
[White "Tregubov, Pavel V."]
[Black "Fressinet, Laurent"]
[Result "1/2-1/2"]
[WhiteElo "2581"]
[BlackElo "2649"]
[PlyCount "101"]
[EventDate "2018.??.??"]

1. d4 Nf6 2. c4 g6 3. g3 Bg7 4. Bg2 O-O 5. Nc3 Nc6 6. Nf3 d5 7. cxd5 Nxd5 8. e4
Nxc3 9. bxc3 e5 10. d5 Na5 11. Ba3 Re8 12. Nd2 b6 13. Bb4 c6 14. O-O Ba6 15.
Re1 Nc4 16. Nxc4 Bxc4 17. dxc6 Qc8 18. Qd7 Be6 19. Qb7 Qxb7 20. cxb7 Rab8 21.
Bf1 Rxb7 22. Ba6 Rc7 23. a4 Bf8 24. a5 Bxb4 25. cxb4 Rd8 26. axb6 axb6 27. Red1
Ra8 28. b5 Rc4 29. Rac1 Rxc1 30. Rxc1 Kf8 31. f4 exf4 32. gxf4 Rd8 33. Rc6 Rb8
34. Kf2 Ke7 35. e5 Kf8 36. Ke3 Kg7 37. Rc7 Kh6 38. Bb7 Kh5 39. Bc6 Kh4 40. Bd7
Ba2 41. f5 gxf5 42. Bxf5 Kg5 43. Bxh7 Rh8 44. Rc2 Rxh7 45. Rxa2 Kf5 46. Kd4 Ke6
47. Ra6 Rh4+ 48. Kc3 Rh3+ 49. Kd4 Rh4+ 50. Kc3 Rh3+ 51. Kd4 {Kd5+} 1/2-1/2

[Event "5u Open Internaziunale di Purtichju"]
[Site "?"]
[Date "2018.07.04"]
[Round "6.4"]
[White "Nevednichy, Vladislav"]
[Black "Fridman, Daniel"]
[Result "0-1"]
[WhiteElo "2525"]
[BlackElo "2610"]
[PlyCount "166"]
[EventDate "2018.??.??"]

1. e4 e5 2. Nf3 Nf6 3. Nxe5 d6 4. Nf3 Nxe4 5. d4 d5 6. Bd3 Nc6 7. Qe2 Qe7 8. c3
Bg4 9. Nbd2 Nxd2 10. Bxd2 Bxf3 11. gxf3 Qxe2+ 12. Kxe2 Bd6 13. f4 Ne7 14. f5 g6
15. Rag1 Kd7 16. fxg6 hxg6 17. h4 Rh5 18. Rh3 Nf5 19. Bg5 Ng7 20. Rf3 Rf8 21.
Kf1 Ne6 22. Be2 Rh7 23. Rg4 Be7 24. Ke1 Rfh8 25. Rg1 Bxg5 26. hxg5 Rh1 27. Rfg3
Rxg1+ 28. Rxg1 Kd6 29. Rg4 Rh2 30. b4 Rh5 31. f4 Rh1+ 32. Bf1 Rh2 33. Be2 c6
34. a4 b6 35. Kd2 Rh3 36. Bd1 a5 37. bxa5 bxa5 38. Rg2 Nxf4 39. Rf2 Ne6 40. Bg4
Rg3 41. Bxe6 fxe6 42. Rf7 Rxg5 43. Ra7 Rg2+ 44. Kd3 Ra2 45. Rxa5 e5 46. dxe5+
Kxe5 47. Ra8 c5 48. Re8+ Kd6 49. Rd8+ Kc6 50. Rc8+ Kb6 51. a5+ Rxa5 52. Rg8 Ra3
53. Rxg6+ Kb5 54. Kc2 Kc4 55. Rg4+ d4 56. cxd4 cxd4 57. Rg8 Ra2+ 58. Kb1 Re2
59. Rg3 Re3 60. Rg8 Kc3 61. Rc8+ Kd2 62. Kb2 Re7 63. Rc2+ Kd3 64. Rc8 Ke2 65.
Rh8 Kd2 66. Rh2+ Re2 67. Rh1 Rg2 68. Kb3 d3 69. Kb2 Re2 70. Kb3 Re3 71. Kb2 Rf3
72. Rh2+ Kd1 73. Rh1+ Ke2 74. Kc1 Rf2 75. Rg1 Rh2 76. Rd1 Rh8 77. Rd2+ Ke3 78.
Rd1 Kd4 79. Rd2 Rc8+ 80. Kd1 Ra8 81. Ke1 Kc3 82. Rd1 Re8+ 83. Kf2 d2 0-1

[Event "5u Open Internaziunale di Purtichju"]
[Site "?"]
[Date "2018.07.04"]
[Round "6.5"]
[White "Kasparov, Sergey"]
[Black "Baryshpolets, Andrey"]
[Result "0-1"]
[WhiteElo "2456"]
[BlackElo "2603"]
[PlyCount "68"]
[EventDate "2018.??.??"]

1. e4 e6 2. d4 d5 3. Nd2 c5 4. exd5 Qxd5 5. Ngf3 cxd4 6. Bc4 Qd7 7. O-O Nc6 8.
Nb3 Nf6 9. Nbxd4 Nxd4 10. Nxd4 a6 11. Re1 b5 12. Bb3 Bb7 13. Bg5 Ne4 14. Be3
Nc5 15. Qh5 Nxb3 16. axb3 Qd5 17. Qh3 Be7 18. c4 bxc4 19. bxc4 Qxc4 20. Rac1
Qd5 21. Red1 Rd8 22. Qg4 h5 23. Qxg7 Bf6 24. Qg3 h4 25. Qf3 Qxf3 26. Nxf3 Rxd1+
27. Rxd1 Rg8 28. Ne1 Bxg2 29. Nxg2 h3 30. Ra1 Rxg2+ 31. Kh1 Bh4 32. Rxa6 Bxf2
33. Bxf2 Rxf2 34. Kg1 Rg2+ 0-1

[Event "5u Open Internaziunale di Purtichju"]
[Site "?"]
[Date "2018.07.04"]
[Round "6.6"]
[White "Saduakassova, Dinara"]
[Black "Deac, Bogdan-Daniel"]
[Result "1/2-1/2"]
[WhiteElo "2491"]
[BlackElo "2582"]
[PlyCount "73"]
[EventDate "2018.??.??"]

1. Nf3 Nf6 2. c4 c5 3. Nc3 Nc6 4. e3 e5 5. d4 e4 6. Ne5 h5 7. Be2 Bd6 8. f4
cxd4 9. exd4 Bb4 10. O-O Qa5 11. Na4 Nxd4 12. Qxd4 Qxa4 13. c5 b6 14. Be3 bxc5
15. Qd6 c4 16. Bc5 Bxc5+ 17. Qxc5 Ba6 18. Bxc4 Bxc4 19. Nxc4 Qc6 20. Nd6+ Kf8
21. Qxc6 dxc6 22. Rac1 h4 23. Rxc6 Rh5 24. f5 Rd8 25. Re1 h3 26. gxh3 Rxh3 27.
Nxe4 Re8 28. Kg2 Rd3 29. Nf2 Rd2 30. Rxe8+ Kxe8 31. Kf3 Rxb2 32. Ra6 Rb5 33.
Rxa7 Rxf5+ 34. Kg2 Rg5+ 35. Kf3 Rf5+ 36. Kg2 Rg5+ 37. Kf3 1/2-1/2

[Event "5u Open Internaziunale di Purtichju"]
[Site "?"]
[Date "2018.07.04"]
[Round "6.7"]
[White "Cornette, Matthieu"]
[Black "Abdusattorov, Nodirbek"]
[Result "0-1"]
[WhiteElo "2597"]
[BlackElo "2534"]
[PlyCount "70"]
[EventDate "2018.??.??"]

1. c4 e6 2. Nc3 b6 3. e4 Bb7 4. Nge2 c5 5. g3 Nc6 6. Bg2 Nge7 7. a3 Nd4 8. Nxd4
cxd4 9. Ne2 Nc6 10. d3 g6 11. b4 Bg7 12. h4 h5 13. Bg5 Qc7 14. O-O d6 15. Rc1
O-O 16. Bh3 e5 17. c5 dxc5 18. bxc5 Bc8 19. Bxc8 Rfxc8 20. cxb6 Qxb6 21. Rc4
Qa6 22. Qa4 Qxa4 23. Rxa4 f6 24. Bd2 Rab8 25. Rd1 Kf7 26. Kf1 Bf8 27. Rc1 Ke8
28. Bb4 Bxb4 29. axb4 Kd7 30. Rc4 Rb7 31. Nc1 Nxb4 32. Rxc8 Kxc8 33. Ke2 Nc6
34. Ra2 Kc7 35. Kd2 a5 0-1

[Event "5u Open Internaziunale di Purtichju"]
[Site "?"]
[Date "2018.07.05"]
[Round "7.1"]
[White "Baryshpolets, Andrey"]
[Black "Donchenko, Alexander"]
[Result "1/2-1/2"]
[WhiteElo "2603"]
[BlackElo "2581"]
[PlyCount "80"]
[EventDate "2018.??.??"]

1. d4 Nf6 2. c4 e6 3. Nc3 Bb4 4. g3 c5 5. Nf3 cxd4 6. Nxd4 Ne4 7. Bd2 Bxc3 8.
Bxc3 Qf6 9. f4 Nxc3 10. bxc3 Nc6 11. Bg2 O-O 12. O-O d5 13. cxd5 exd5 14. Bxd5
Bg4 15. Bf3 Bxf3 16. Rxf3 Rfe8 17. Qd3 Nxd4 18. Qxd4 Qxd4+ 19. cxd4 Rxe2 20.
Rf2 Rxf2 21. Kxf2 Rc8 22. Ke3 Kf8 23. Kd3 Ke7 24. Rb1 b6 25. Re1+ Kd7 26. g4
Rc6 27. g5 h6 28. h4 hxg5 29. fxg5 g6 30. Rf1 Ke7 31. d5 Rc8 32. d6+ Kxd6 33.
Rxf7 Rh8 34. Rxa7 Rxh4 35. Rg7 Ra4 36. Rxg6+ Ke7 37. Rxb6 Rxa2 38. Ke4 Rf2 39.
Rf6 Rxf6 40. gxf6+ Kxf6 1/2-1/2

[Event "5u Open Internaziunale di Purtichju"]
[Site "?"]
[Date "2018.07.05"]
[Round "7.2"]
[White "Fridman, Daniel"]
[Black "Zhigalko, Sergei"]
[Result "1/2-1/2"]
[WhiteElo "2610"]
[BlackElo "2610"]
[PlyCount "57"]
[EventDate "2018.??.??"]

1. d4 Nf6 2. Nf3 e6 3. c4 b6 4. g3 Ba6 5. Qc2 Bb7 6. Bg2 c5 7. d5 exd5 8. cxd5
Nxd5 9. O-O Nc6 10. Rd1 Be7 11. Qa4 Nf6 12. Nh4 O-O 13. Nf5 d5 14. Nc3 Nd4 15.
Nxd4 cxd4 16. Qxd4 Bc5 17. Qa4 Qc8 18. Nxd5 Nxd5 19. Bxd5 Bxd5 20. Rxd5 Qe6 21.
Qd1 Qf6 22. Bf4 Qxb2 23. Be5 Qb4 24. Qd3 Rfe8 25. Rc1 Qa3 26. Qc4 Qb4 27. Qd3
Qa3 28. Qc4 Qb4 29. Qd3 1/2-1/2

[Event "5u Open Internaziunale di Purtichju"]
[Site "?"]
[Date "2018.07.05"]
[Round "7.3"]
[White "Fressinet, Laurent"]
[Black "Saduakassova, Dinara"]
[Result "1-0"]
[WhiteElo "2649"]
[BlackElo "2491"]
[PlyCount "81"]
[EventDate "2018.??.??"]

1. d4 Nf6 2. c4 e6 3. g3 d5 4. Bg2 dxc4 5. Nf3 Bd7 6. Nbd2 Bb4 7. Qc2 Bb5 8.
O-O Nc6 9. Rd1 Qd5 10. e3 Qf5 11. Qxf5 exf5 12. Bf1 Ba6 13. Nxc4 Ne7 14. Bd2
Bxd2 15. Nfxd2 Ned5 16. Rac1 Bxc4 17. Nxc4 Ke7 18. Bg2 c6 19. f3 Rhd8 20. e4
fxe4 21. fxe4 Nb6 22. Na5 Rd7 23. Bh3 Rc7 24. d5 Ne8 25. dxc6 bxc6 26. Rxc6 Kf8
27. e5 Re7 28. e6 Nf6 29. Rcd6 fxe6 30. Nc6 Rd7 31. Rxd7 Nbxd7 32. Bxe6 Nc5 33.
Bc4 Na4 34. Rd2 Nb6 35. Ba6 Re8 36. Re2 Na4 37. Rxe8+ Nxe8 38. b3 Nc3 39. a4
Nc7 40. Bc4 a6 41. Nb4 1-0

[Event "5u Open Internaziunale di Purtichju"]
[Site "?"]
[Date "2018.07.05"]
[Round "7.4"]
[White "Tomazini, Zan"]
[Black "Krasenkow, Michal"]
[Result "1/2-1/2"]
[WhiteElo "2408"]
[BlackElo "2631"]
[PlyCount "119"]
[EventDate "2018.??.??"]

1. e4 g6 2. d4 Bg7 3. Nc3 c6 4. h3 d6 5. Be3 Nf6 6. Qd2 b5 7. Bd3 Nbd7 8. Nf3
e5 9. dxe5 dxe5 10. a4 b4 11. Ne2 Qe7 12. c3 b3 13. Qd1 Nc5 14. Bxc5 Qxc5 15.
Qxb3 a5 16. O-O O-O 17. Qc2 Ne8 18. Rfb1 Nd6 19. b4 Qa7 20. bxa5 Qxa5 21. Qb3
c5 22. Qb6 Rd8 23. Qxa5 Rxa5 24. Rb8 c4 25. Bc2 Kf8 26. Rab1 Ke7 27. Ng3 Kd7
28. Nf1 Kc7 29. R8b4 f6 30. Ne3 Be6 31. Nd2 Rc5 32. Kf1 Ra8 33. Ke2 Ra7 34.
R1b2 f5 35. Nb1 f4 36. Nf1 g5 37. Nfd2 h5 38. Na3 Bf6 39. Nb5+ Nxb5 40. Rxb5
Rxb5 41. Rxb5 Rb7 42. Ra5 g4 43. hxg4 hxg4 44. Ra6 Rb6 45. Ra7+ Rb7 46. Ra8 Rb2
47. Kd1 Bh4 48. f3 Bf2 49. Ra6 Rb6 50. Rxb6 Kxb6 51. fxg4 Bxg4+ 52. Nf3 Bxf3+
53. gxf3 Kc6 54. Bb1 Bb6 55. Ba2 Kc5 56. Kc2 Ba5 57. Kd2 Bd8 58. Kc2 Ba5 59.
Kd2 Bd8 60. Kc2 {Kd5} 1/2-1/2

[Event "5u Open Internaziunale di Purtichju"]
[Site "?"]
[Date "2018.07.05"]
[Round "7.6"]
[White "Abdusattorov, Nodirbek"]
[Black "Tregubov, Pavel V."]
[Result "1/2-1/2"]
[WhiteElo "2534"]
[BlackElo "2581"]
[PlyCount "99"]
[EventDate "2018.??.??"]

1. Nf3 Nf6 2. d4 e6 3. c4 Bb4+ 4. Bd2 Qe7 5. g3 Bxd2+ 6. Qxd2 Nc6 7. Nc3 d5 8.
cxd5 exd5 9. Bg2 O-O 10. O-O Re8 11. e3 Bf5 12. b3 a6 13. Qb2 Rad8 14. a3 Na7
15. b4 Nc8 16. a4 Nb6 17. Nd2 h5 18. Rfe1 Ne4 19. Ndxe4 dxe4 20. a5 Nd5 21.
Nxd5 Rxd5 22. Rac1 c6 23. Rc5 Red8 24. Rec1 h4 25. Rxd5 Rxd5 26. Rc5 Qg5 27.
Qc2 hxg3 28. hxg3 Qg4 29. Rxd5 cxd5 30. Qc7 Qd1+ 31. Bf1 Bg4 32. Qd8+ Kh7 33.
Qxd5 f5 34. Qc4 Kh6 35. Kh2 Qe1 36. Kg2 Bf3+ 37. Kg1 Bg4 38. b5 axb5 39. Qxb5
Bh3 40. Qe2 Qc1 41. a6 bxa6 42. Qxa6+ Kg5 43. Qc4 Qd1 44. Qb5 Qc1 45. Qe2 Kg6
46. Qc4 Qd1 47. Qe2 Qc1 48. Qc4 Qd1 49. Qe2 Qc1 50. Qc4 1/2-1/2

[Event "5u Open Internaziunale di Purtichju"]
[Site "?"]
[Date "2018.07.05"]
[Round "7.7"]
[White "Lagarde, Maxime"]
[Black "Yankelevich, Lev"]
[Result "1-0"]
[WhiteElo "2609"]
[BlackElo "2411"]
[PlyCount "65"]
[EventDate "2018.??.??"]

1. e4 e5 2. Nf3 Nc6 3. Bb5 a6 4. Ba4 b5 5. Bb3 g6 6. a4 b4 7. d4 exd4 8. Nxd4
Na5 9. Bd5 c6 10. Ba2 Bg7 11. O-O Ne7 12. c3 c5 13. cxb4 cxd4 14. bxa5 O-O 15.
Bf4 d5 16. Nd2 dxe4 17. Nxe4 Bb7 18. Re1 Bxe4 19. Rxe4 Nc6 20. Rc1 Qd7 21. Qd2
Qf5 22. Bb1 Qd5 23. b4 Rfc8 24. Ree1 d3 25. Rc5 Qd4 26. Rec1 Bf8 27. R5c4 Bxb4
28. Qxd3 Qf6 29. Qe4 g5 30. Be3 Rab8 31. Rxc6 Rxc6 32. Rxc6 Rd8 33. g3 1-0